| 000 | 00711nam a22001937a 4500 | ||
|---|---|---|---|
| 008 | 130821s1870 fr gr fre | ||
| 040 |
_aCo-BoUCM _bspa |
||
| 041 | 0 | 0 | _afre |
| 100 |
_aDezobri, Ch. _9150484 |
||
| 245 | 0 | 0 |
_aRome au siècle D'Auguste ou voyage d'un gaulois a Rome a l'époque du règne D'Auguste _cPar Ch. Dezobri |
| 250 | _a3a. ed | ||
| 260 |
_aParís (Francia) _bGarnier Frères _c1870 |
||
| 300 | _a4 volúmenes | ||
| 650 | 0 | 4 |
_aHistoria _yImperio, 63 a. C.-14 d. C. _97695 |
| 651 |
_aRoma (Italia) _927287 |
||
| 651 |
_aRoma (Italia) _xHistoria _yImperio, 63 a. C.-14 d. C. _9150485 |
||
| 942 |
_cLIBRO _a27 _e3 _mD39 _n0 _2DEWEY _h949.501 |
||
| 999 |
_c87414 _d87414 |
||